000 00839nab a2200253u 4500
001 09778
003 HDC
007 c| |||a|c|aaaa
008 210202b20120630my ||||| |||| 00| 0 eng d
040 _aHDC
100 _aLim Wing Hooi /
_eauthor
_98474
245 0 _aMalaysia's total trade with Myanmar expanded 136.73% from year 2000 to 2011 /
_cLim Wing Hooi
336 _atext
_2rdacontent
337 _acomputer
_2rdamedia
338 _aonline resource
_2rdacarrier
650 _aMalaysia trade
_910004
650 _aMATRADE
_97716
650 _aMyanmar trade
_910005
710 _aMalaysia SME
856 _zRequest full-text at [email protected]
942 _2lcc
942 _cNEWS
942 _kNWSC 003593
999 _c7101
_d7101